000 00463nam a2200169Ia 4500
003 GCL
008 140319s9999 xx 000 0 ara d
040 _aGCL /
_cGCL
082 0 4 _a819
_bم ا
245 1 0 _aابوحيان التوحيدى : ببليوجرافية مختارة
300 _a118 ص
490 _a
650 0 4 _aالادب العربى
650 0 4 _aالبلاغة العربية
650 0 4 _aابوحيان التوحيدى
942 _2ddc
_cBK
999 _c38062
_d38062